00410nam a2200121 a 450000500170000000800410001705000180005810000300007624500230010626000420012999900190017195200980019020140414131855.0100901s19uu xx 00 eng d aFILbP76 2008 aEusebio-Abad, Heidi Emily aPolliwog's wiggle. aManila, Philippines :bAdarna,c2008. c110441d110441 001040aMUbMUcFILd2010-09-01l0oFIL P76 2008pM0849r2014-04-14 00:00:00w2014-04-14yBK